Million-Selling Nintendo Switch Games - Statistics

General Stats
  • This quiz has been taken 228 times
    71 since last reset
  • The average score is 44 of 100
Answer Stats
Sales (in millions) Genre Game % Correct
68.20 Racing Mario Kart 8 Deluxe
95%
47.82 Social Simulation Animal Crossing: New Horizons
90%
36.24 Fighting Super Smash Bros. Ultimate
90%
32.81 Action-Adventure The Legend of Zelda: Breath of the Wild
88%
26.79 RPG Pokémon Scarlet / Violet
82%
29.28 Platformer Super Mario Odyssey
82%
21.73 Action-Adventure The Legend of Zelda: Tears of the Kingdom
82%
26.72 RPG Pokémon Sword / Shield
80%
21.16 Party Super Mario Party
80%
18.25 Platformer New Super Mario Bros. U Deluxe
75%
11.96 Shooter Splatoon 3
75%
14.00 Party Mario Party Superstars
73%
16.27 Sports Nintendo Switch Sports
73%
13.60 Shooting Splatoon 2
73%
16.03 Platformer Super Mario Bros. Wonder
73%
8.42 Level Editor Super Mario Maker 2
72%
7.48 Party Super Mario Party Jamboree
72%
15.07 RPG Pokémon Let’s Go Pikachu! / Eevee!
70%
7.52 Platformer Kirby and the Forgotten Land
68%
14.83 RPG Pokémon Legends Arceus
68%
6.46 Action-Adventure The Legend of Zelda: Link’s Awakening
68%
15.06 RPG Pokémon Brilliant Diamond / Shining Pearl
67%
6.19 Sandbox Minecraft
65%
15.38 Exergame Ring Fit Adventure
65%
13.47 Platformer Super Mario 3D World + Bowser's Fury
65%
3.07 Metroidvania Metroid: Dread
63%
9.07 Platformer Super Mario 3D All-Stars
63%
14.25 Action-Adventure Luigi’s Mansion 3
62%
1.09 Metroidvania Metroid Prime Remastered
60%
7.90 Farm Life Sim Stardew Valley
60%
4.09 Action-Adventure The Legend of Zelda: Echoes of Wisdom
60%
4.00 Hack and Slash Hyrule Warriors: Age of Calamity
58%
3.74 Party 1-2-Switch
57%
4.62 Platformer Donkey Kong Country: Tropical Freeze
57%
4.50 Sports Mario Tennis Aces
57%
2.74 Photography New Pokémon Snap
57%
1.24 Hack and Slash Bayonetta
55%
2.72 Fighting Arms
53%
1.61 RPG Fire Emblem: Engage
53%
2.48 Sports Mario Golf: Super Rush
53%
2.70 Action RPG Xenoblade Chronicles 2
53%
1.86 Action RPG Xenoblade Chronicles 3
53%
1.88 Action RPG Xenoblade Chronicles: Definitive Edition
53%
1.23 Hack and Slash Bayonetta 2
52%
1.07 Hack and Slash Bayonetta 3
52%
4.12 RPG Fire Emblem: Three Houses
52%
4.38 Platformer Kirby Star Allies
50%
3.47 RPG Paper Mario: The Origami King
50%
2.54 Sports Mario Strikers: Battle League
48%
3.31 RPG Super Mario RPG
48%
4.15 Action-Adventure The Legend of Zelda: Skyward Sword HD
48%
4.64 Tabletop Clubhouse Games: 51 Worldwide Classics
47%
2.00 Tactical RPG Mario + Rabbids: Kingdom Battle
45%
8.09 Action RPG Monster Hunter Rise
45%
2.40 Real-Time Strategy Pikmin 3 Deluxe
45%
3.48 Real-Time Strategy Pikmin 4
45%
1.88 Action-Adventure Luigi's Mansion 2 HD
43%
1.42 Construction Kit Nintendo Labo Toy-Con 01: Variety Kit
43%
1.97 RPG Mario & Luigi: Brothership
40%
2.10 RPG Paper Mario: The Thousand Year Door
40%
1.54 Fighting Pokken Tournament DX
40%
3.35 Platformer Yoshi’s Crafted World
40%
1.30 Action-Adventure Princess Peach: Showtime!
38%
2.35 Puzzle Captain Toad: Treasure Tracker
37%
3.20 Social Deduction Among Us
35%
1.27 Platformer Donkey Kong Country Returns HD
35%
3.00 Tactical RPG Mario + Rabbids: Sparks of Hope
35%
1.73 Racing Mario Kart Live: Home Circuit
33%
1.00 Hack and Slash Fire Emblem Warriors: Three Hopes
32%
1.46 Platformer Kirby's Return to Dream Land Deluxe
32%
1.12 Puzzle Mario vs. Donkey Kong
28%
1.79 RPG Miitopia
25%
2.16 RPG Octopath Traveler
25%
1.99 Roguelike Pokémon Mystery Dungeon: Rescue Team DX
23%
1.00 Survival Horror Resident Evil 4
22%
7.40 Puzzle Suika Game
22%
1.02 Sports Mario and Sonic at the Olympic Games Tokyo 2020
20%
1.00 Farm Life Sim Story of Seasons: Pioneers of Olive Town
18%
1.34 Party WarioWare: Get it Together!
18%
1.94 Puzzle Big Brain Academy: Brain vs. Brain
17%
1.33 Hack and Slash Astral Chain
15%
1.27 Puzzle Dr. Kawashima's Brain Training for Nintendo Switch
15%
1.00 Exergame Fitness Boxing
13%
1.15 Programming Game Builder Garage
13%
1.10 Survival Horror Resident Evil 6
12%
1.00 RPG Dragon Quest III HD-2D Remake
10%
1.00 Exergame Fitness Boxing 2: Fitness and Exercise
10%
1.60 Action RPG Marvel Ultimate Alliance 3: The Black Order
10%
1.00 Stealth Thief Simulator
10%
2.24 Rhythm Taiko no Tatsujin: Drum ‘n’ Fun!
7%
1.00 Bullet Hell Enter the Gungeon
5%
1.50 Survival Horror Resident Evil Revelations Collection
5%
2.43 Fighting Dragon Ball FighterZ
3%
1.82 Fighting Dragon Ball Xenoverse 2
3%
1.73 Fighting Naruto Shippuden: Ultimate Ninja Storm Trilogy
3%
1.10 RPG Shin Megami Tensei V
3%
1.00 RPG Dragon Quest Monsters: The Dark Prince
2%
2.00 Puzzle Human Fall Flat
2%
1.15 Action RPG Dark Souls Remastered
0%
1.20 RPG Dragon's Dogma: Dark Arisen
0%
No matching quizzes found
Score Distribution
Percent of People with Each Score
Percentile by Number Answered
Your Score History
You have not taken this quiz since the last reset